000 01105cam a22003257a 4500
003 CHAP
005 20220329141502.0
008 971013s1988 r 00010 d
010 _a68893
011 _a69865
035 _a79343
040 _cCHAP
090 _aTesis
100 0 0 _aAguilar Hernandez, Mario.
_92727
245 0 _aAnálisis de la campaña de combate del defoliador de oyamel Evita hyalinaria blandario Lepidoptera
_b: Geometridae
260 _aChapingo, Méx. :
_bEl autor,
_c1988
300 _a78 h.
_b: ilus.
502 _aTesis (Ing. Agrónomo Esp. en Bosques) -- UACH. División de Ciencias Forestales
590 _aALEPH
_b10
_c20130110
_lUCH01
_h1406
590 _aBATCH-UPD
_b10
_c20130110
_lUCH01
_h0506
590 _aBATCH-UPD
_b10
_c20130410
_lUCH01
_h0143
590 _aCONVERSION
_b10
_c20130109
_lUCH01
_h1338
650 1 4 _aControl de plagas.
_927595
650 1 4 _aEvita hyalinaria.
_939006
650 1 4 _aOyamel
_xPlagas.
_984475
901 _aBK
942 _cFOLL
949 _bBC
_cTES
_d-32230
_eTS1
_h20921
_i79343
_si
949 _bBC
_cTES
_d-97106
_eTS2
_fc.2
_h21447
_i79343
_si
999 _c68893
_d68893